000
00309nam a2200121Ia 4500
008
220214s9999 xx 000 0 und d
245
0
_a
Farm Fare
260
_b
Dorothy Drieberg
_a
New Delhi
310
_a
M
500
_a
Ending Volume & Year: 1, 1974
500
_a
Starting Volume & Year: 1, 1974
942
_c
BJ
999
_c
19226
_d
19226